MARC

LEADER 00000nam0a2200000 4500
001 180559
005 20231031170822.0
035 |a (RuTPU)RU\TPU\book\195735 
090 |a 180559 
100 |a 20100520d1967 k y0rusy50 ca 
101 1 |a rus  |c eng 
102 |a RU 
105 |a a z 001zy 
200 1 |a Полупроводниковые соединения А III B V  |e пер. с англ.  |f под ред. Р. Виллардсона, Х. Гёринга 
210 |a Москва  |c Металлургия  |d 1967 
215 |a 727 с.  |c ил. 
320 |a Библиогр. в конце гл. 
610 1 |a полупроводниковые соединения 
610 1 |a химическая связь 
610 1 |a кристаллическая структура 
610 1 |a примеси 
610 1 |a определение 
610 1 |a элементы 
610 1 |a очистка 
610 1 |a соединения 
610 1 |a получение 
610 1 |a монокристаллы 
610 1 |a тонкие пленки 
610 1 |a диффузия 
610 1 |a поверхностные свойства 
610 1 |a термодинамические свойства 
675 |a 621.315.59  |v 3 
702 1 |a Виллардсон  |b Р.  |g Роберт  |4 340 
702 1 |a Гёринг  |b Х.  |g Харвей  |4 340 
801 1 |a RU  |b 63413507  |c 20100520 
801 2 |a RU  |b 63413507  |c 20140609  |g RCR 
942 |c BK